Online Catalogue and eLibrary

Nool thettam-2 (Record no. 671)

MARC details
000 -LEADER
fixed length control field 00406nam a2200157Ia 4500
005 - DATE AND TIME OF LATEST TRANSACTION
control field 20250408011857.0
008 - FIXED-LENGTH DATA ELEMENTS--GENERAL INFORMATION
fixed length control field 240331s9999 xx 000 0 und d
020 ## - INTERNATIONAL STANDARD BOOK NUMBER
ISBN 14774690
082 ## - DDC Classification
Class No. 011
Item Number - Author Mark NOO
100 ## - MAIN ENTRY--PERSONAL NAME
Personal name Selvarajah, N. ed
245 #0 - TITLE STATEMENT
Title Nool thettam-2
260 ## - PUBLICATION, DISTRIBUTION, ETC.
Place of publication, distribution, etc. United Kingdom
Name of publisher, distributor, etc. Ayothy Library Services
Date of publication, distribution, etc. 2004
300 ## - PHYSICAL DESCRIPTION
Extent (e.g. Volumes, Pages etc.) xxiii, 462 p ., 2nd part
500 ## - GENERAL NOTE
General note Ilathu tamil noolkal
942 ## - Koha item type (Biblio)
Koha item type Books in Stacks (Lending)
Holdings
Lost status Damaged status Collection code Home library Current library Shelving location Date acquired Full call number Accession Number Item type
    Lending WERC Library WERC Library Social Science Cupboard 03/31/2024 011NOO 1810 Books in Stacks (Lending)

© WERC Library